Poistiť sa dá (takmer) všetko

Medzi najrozšírenejšie a najvyužívanejšie druhy poistení patrí poistenie zo zodpovednosti za škody cestného prepravcu. Ochrana dopravcu. Poistenie prepravovaného tovaru. Poistenie budov a skladovacích priestorov.

Na minha lista:
Detalhes bibliográficos
Autor principal: Brezovský, Jozef
Formato: Capítulo de Livro
Idioma:eslovaco
Assuntos:
Tags: Adicionar Tag
Sem tags, seja o primeiro a adicionar uma tag!

MARC

LEADER 00000naa$a2200000$$$4500
001 0088383
005 20231011071616.5
041 0 |a slo 
044 |a CZ 
245 1 0 |a Poistiť sa dá (takmer) všetko  |c Jozef Brezovský 
520 |a Medzi najrozšírenejšie a najvyužívanejšie druhy poistení patrí poistenie zo zodpovednosti za škody cestného prepravcu. Ochrana dopravcu. Poistenie prepravovaného tovaru. Poistenie budov a skladovacích priestorov. 
610 2 0 |a poistenie zodpovednosti za škody 
610 2 0 |a preprava 
610 2 0 |a tovar 
610 2 0 |a sklady 
610 2 0 |a budovy 
610 2 0 |a ochrana poistná 
610 2 0 |a poisťovne 
100 1 |a Brezovský, Jozef